Tottenham’s 2024/25 Europa League - Statistics

General Stats
  • This quiz has been taken 41 times
  • The average score is 9 of 15
Answer Stats
Game Home/Away Score Scorers Answer % Correct
Semi Final Away 2-0 Win Solanke, Porro Bodo/Glimt
94%
Semi Final Home 3-1 Win Johnson, Maddison, Solanke Bodo/Glimt
91%
Final Neutral 1-0 Win Johnson Man United
85%
Quarter Final Home 1-1 Draw Porro Frankfurt
79%
Quarter Final Away 1-0 Win Solanke Frankfurt
79%
League Phase 4 Away 3-2 Loss Lankshear, Solanke Galatasaray
65%
Last 16 Away 1-0 Loss - AZ Alkmaar
59%
Last 16 Home 3-1 Win Odobert x2, Maddison AZ Alkmaar
59%
League Phase 1 Home 3-0 Win Johnson, Sarr, Solanke Qarabag
59%
League Phase 5 Home 2-2 Draw Son, Johnson Roma
53%
League Phase 6 Away 1-1 Draw Kulusevski Rangers
50%
League Phase 8 Home 3-0 Win Scarlett, Ajayi, Moore Elfsborg
44%
League Phase 3 Home 1-0 Win Richarlison AZ Alkmaar
35%
League Phase 7 Away 3-2 Win Son x2, Maddison Hoffenheim
35%
League Phase 2 Away 2-1 Win Sarr, Johnson Ferencvaros
32%
No matching quizzes found
Score Distribution
Percent of People with Each Score
Percentile by Number Answered
Your Score History
You have not taken this quiz